Technicko-ekonomické vyhodnotenie a posúdenie výsledného návrhu UPN Hlavného mesta SR Bratislavy
Na minha lista:
| Autor principal: | |
|---|---|
| Autor Corporativo: | |
| Formato: | Livro |
| Idioma: | eslovaco |
| Publicado em: |
Bratislava
2004
|
| Assuntos: | |
| Tags: |
Sem tags, seja o primeiro a adicionar uma tag!
|
MARC
| LEADER | 00000nam$a2200000$$$4500 | ||
|---|---|---|---|
| 001 | 0064565 | ||
| 005 | 20240502071745.7 | ||
| 041 | 0 | |a slo | |
| 044 | |a SK | ||
| 245 | 1 | 0 | |a Technicko-ekonomické vyhodnotenie a posúdenie výsledného návrhu UPN Hlavného mesta SR Bratislavy |c vedúci projektovej skupiny Jozef Tvrdoň |
| 264 | 1 | |a Bratislava |c 2004 | |
| 300 | |a Nestr. | ||
| 610 | 2 | 0 | |a demografia |
| 610 | 2 | 0 | |a demografia sociálna |
| 610 | 2 | 0 | |a demografia ekonomická |
| 610 | 2 | 0 | |a plánovanie územné |
| 610 | 2 | 0 | |a trh práce |
| 610 | 2 | 0 | |a zamestnanosť |
| 610 | 2 | 0 | |a bývanie |
| 610 | 2 | 0 | |a vybavenosť obchodná |
| 610 | 2 | 0 | |a vybavenosť občianska |
| 610 | 2 | 0 | |a doprava |
| 610 | 2 | 0 | |a infraštruktúra |
| 100 | 1 | |a Tvrdoň, Jozef | |
| 710 | 2 | |a Hlavné mesto SR Bratislava. Magistrát - Oddelenie územného plánovania | |